Responses for Show #3022 - Tuesday, October 21, 1997

Contestants

[<< previous game]

Heather Harvey, a university student from Lilburn, Georgia

Rich Greene, a third grade teacher from West Sparta, New York

Betty Altruda, an English professor from Manalapan, New Jersey (whose 1-day cash winnings total $13,800)

[next game >>]

Jeopardy! Round responses

PRESIDENTIAL LAST NAMES
HAND SIGNALS
WORLD RELIGION
SCIENCE NUMBERS
TV SIDEKICKS
WORDS THAT START & END WITH "L"
    $100 26
(Betty: What is Abby?)
(Alex: No. Be more specific.)
(Betty: [*] What is [*]?)
...
(Alex: Remember, we're going for the presidential last name.)

(Abigail) van Buren

Betty
    $100 15
Peace

Betty
    $100 11
Prayer

Heather
    $100 21
1

Betty
    $100 6
Suddenly Susan

Rich
    $100 1
Laurel

Heather
    $200 27
Rex Harrison

Betty
    $200 17
thumbs-up

Betty
    $200 12
Mormon Tabernacle

Heather
    $200 22
98.6

Betty
    $200 7
Xena

Betty
    $200 2
Lapel

Heather
    $300 28
(Heather: Taft.)

Tennessee Ernie Ford

BettyHeather
    $300 18
Michigan

Betty
    $300 13
Easter

Heather
    $300 23
10

Heather
    $800 8
The Tick

Betty
    $300 3
Libel

Rich
    $400 29
Lynda Carter

Betty
    $400 19
pointing at someone

Betty
    $400 14
Confucius

Rich
    $400 24
4

Rich
    $400 9
Dana Scully

Heather
    $400 4
Local

Betty
    $500 30
(Heather: Humphrey. Who is Humphrey Bogart?)

Dooley Wilson

Heather
Triple Stumper
    $500 20
traveling

Betty
    $500 16
Hebron

Triple Stumper
    $500 25
(Betty: What is 24?)

18

BettyHeather
    $500 10
(Heather: [No response])

Andy Richter

Heather
Triple Stumper
    $500 5
Level

Betty

Scores at the first commercial break (after clue 16):

Betty Rich Heather
$2,000 $800 $800

Scores at the end of the Jeopardy! Round:

Betty Rich Heather
$4,200 $1,200 $800

Double Jeopardy! Round responses

MARTIAN CINEMA
(Alex: All right. A lot of films made on Mars.) [Laughter]
ARTISTS & THEIR SUBJECTS
"FOR" WORDS
THEY LIVE THERE
PROSE
KHANS
    $200 5
Mars Attacks!

Heather
    $200 1
Degas

Heather
    $200 4
forum

Betty
    $200 16
Moscow

Heather
    $200 21
Uriah Heep

Triple Stumper
    $200 26
Genghis Khan

Heather
    $400 10
Santa Claus

Betty
    $400 2
Whistler

Betty
    $400 8
forceps

Heather
    $400 17
Liverpool

Rich
    $400 22
Dr. Jekyll & Mr. Hyde

Betty
    $400 27
Shere Khan

Rich
    $2,500 11
(Alex: That's right. War of the Worlds.)

H.G. Wells

Betty
    $600 3
Dylan Thomas

Betty
    $600 9
format

Rich
    $600 18
Japan

Rich
    $600 23
War and Peace

Heather
    $600 28
Admiral (James) Kirk

Rich
    $800 12
Total Recall

Betty
    $800 6
Australia

Heather
    $800 14
Formosa

Betty
    $1,000 19
Naples

Rich
    $800 24
Nautilus

Rich
    $800 29
Sears Tower

Heather
    $1000 13
(Alex: Yes! You're up on your Martian cinema. Well done.)
[Applause]

Invaders From Mars

Betty
    $1000 7
(Heather: Who is Dali?)

René Magritte

Heather
Triple Stumper
    $1000 15
formicarium

Triple Stumper
    $1000 20
Glasgow

Heather
    $1000 25
(Heather: Who is Camille?)

The Count of Monte Cristo

Heather
Triple Stumper
    $1000 30
(Heather: What is Caliph?)

Aga Khan

Heather
Triple Stumper

Scores at the end of the Double Jeopardy! Round:

Betty Rich Heather
$11,300 $5,600 $2,200
(lock game)

[wagering suggestions for these scores]

Final Jeopardy! Round responses

U.S. JUSTICE
HeatherWhat is Texas
$2,200
RichWhat is Texas
$1,100
BettyWhat is Florida?
$99
Texas

Final scores:

Betty Rich Heather
$11,201 $6,700 $4,400
2-day champion: $25,001 2nd place: trip to Spice Island Beach Resort in Grenada + Jeopardy! Challenger 3rd place: Daniel Mink his & her watches + Jeopardy! Challenger

Game dynamics:

Coryat scores:

Betty Rich Heather
$8,900 $5,400 $2,200
24 R
(including 2 DDs),
1 W
11 R
(including 1 DD),
0 W
17 R,
6 W

Combined Coryat: $16,500

[game clues] [game scores] [suggest correction]

Game tape date: Unknown
The J! Archive is created by fans, for fans. Scraping, republication, monetization, and malicious use prohibited; this site may use cookies and collect identifying information. See terms. The Jeopardy! game show and all elements thereof, including but not limited to copyright and trademark thereto, are the property of Jeopardy Productions, Inc. and are protected under law. This website is not affiliated with, sponsored by, or operated by Jeopardy Productions, Inc. Join the discussion at JBoard.tv.